Someone Always in the Corner of My Eye / (Record no. 1464479)

MARC details
000 -LEADER
fixed length control field 00844nam a22002537a 4500
005 - DATE AND TIME OF LATEST TRANSACTION
control field 20251003112316.0
008 - FIXED-LENGTH DATA ELEMENTS--GENERAL INFORMATION
fixed length control field 251003b |||||||| |||| 00| 0 eng d
020 ## - INTERNATIONAL STANDARD BOOK NUMBER
International Standard Book Number 9781935210900
040 ## - CATALOGING SOURCE
Original cataloging agency EASL
Transcribing agency eng
Modifying agency EASL
041 ## - LANGUAGE CODE
Language code of text/sound track or separate title eng
084 ## - COLON CLASSIFICATION NUMBER
Classification number O495,1xN70 111Q6
Assigning agency EASL
100 ## - MAIN ENTRY--PERSONAL NAME
Personal name Shim, Bo-Seon
9 (RLIN) 847234
245 ## - TITLE STATEMENT
Title Someone Always in the Corner of My Eye /
260 ## - PUBLICATION, DISTRIBUTION, ETC.
Place of publication, distribution, etc. New York :
Name of publisher, distributor, etc. White Pine Press ,
Date of publication, distribution, etc. 2016 .
300 ## - PHYSICAL DESCRIPTION
Extent 97p.
490 ## - SERIES STATEMENT
Materials specified Korean Voices Series
Volume/sequential designation Volume 22
650 ## - SUBJECT ADDED ENTRY--TOPICAL TERM
Source of heading or term Korean English Language
651 ## - SUBJECT ADDED ENTRY--GEOGRAPHIC NAME
Geographic name Korean-Poetry
9 (RLIN) 847235
651 ## - SUBJECT ADDED ENTRY--GEOGRAPHIC NAME
Geographic name Korean- Fiction
9 (RLIN) 847236
700 ## - ADDED ENTRY--PERSONAL NAME
Personal name Ji, Youngshil, tr.
9 (RLIN) 847237
700 ## - ADDED ENTRY--PERSONAL NAME
Personal name Parker, Daniel T, tr.
9 (RLIN) 847238
942 ## - ADDED ENTRY ELEMENTS (KOHA)
Source of classification or shelving scheme Colon Classification (CC)
Koha item type Textbook
Classification part O495,1xN70 111Q6
Suppress in OPAC No
Holdings
Withdrawn status Lost status Source of classification or shelving scheme Damaged status Not for loan Home library Current library Shelving location Date acquired Source of acquisition Total Checkouts Full call number Barcode Date last seen Price effective from Koha item type
    Colon Classification (CC)     Department of East Asian Studies Library Department of East Asian Studies Library General Stacks 2017-07-28 Gifted By Window on Korea   O495,1xN70 111Q6 EA1603581 2025-10-03 2025-10-03 Textual
Copyright @ Delhi University Library System